[Event "IECG CB.2002.0.00037 email"]
[Site "IECG email"]
[Date "2002.04.12"]
[Round "?"]
[White "Mosi, Shomari"]
[Black "O'Connor, Murtagh"]
[Result "0-1"]
[WhiteElo "1823"]
[BlackElo "1995"]
[PlyCount "52"]
[EventDate "2002.04.12"]
[EventType "tourn (corr)"]
[EventRounds "6"]
[SourceTitle "Corr 2008"]
[Source "ChessBase"]
[SourceDate "2008.06.24"]
[SourceVersion "1"]
[SourceVersionDate "2008.06.24"]
[SourceQuality "1"]

1. e4 c5 2. Nf3 Nc6 3. d4 cxd4 4. Nxd4 e6 5. Nc3 Nf6 6. Ndb5 d6 7. Bf4 e5 8. Bg5 a6 9. Na3 b5 10. Nd5 Be7 11. Bxf6 Bxf6 12. c3 0-0 13. Nc2 Bg5 14. a4 bxa4 15. Rxa4 a5 16. Bb5 Ne7 17. Ncb4 Be6 18. Nxe7+ Bxe7 19. Nc6 Qc7 20. 0-0 Kh8 21. Nxe7 Qxe7 22. Qe2 Qb7 23. c4 f5 24. Rd1 Rfd8 25. exf5 Bxf5 26. Rda1 Be4 0-1

[Event "IECG CP.2000.P.00081"]
[Site "IECG email"]
[Date "2000.10.01"]
[Round "?"]
[White "Mosi, Shomari"]
[Black "Melia, Ken"]
[Result "0-1"]
[WhiteElo "1868"]
[BlackElo "1640"]
[PlyCount "44"]
[EventDate "2000.10.01"]
[EventType "tourn (corr)"]
[EventRounds "6"]
[EventCountry "ENG"]
[SourceTitle "Corr 2008"]
[Source "ChessBase"]
[SourceDate "2008.06.24"]
[SourceVersion "1"]
[SourceVersionDate "2008.06.24"]
[SourceQuality "1"]

1. d4 Nf6 2. c4 e6 3. Nc3 Bb4 4. g3 c5 5. Nf3 cxd4 6. Nxd4 0-0 7. Bg2 d5 8. cxd5 Nxd5 9. Bd2 Nxc3 10. bxc3 Be7 11. Rb1 Qd7 12. Bf4 Rd8 13. Nb5 Qxd1+ 14. Rxd1 Rxd1+ 15. Kxd1 Nc6 16. Nc7 Rb8 17. Kc2 e5 18. Bd2 Bg4 19. e4 b5 20. f3 Rc8 21. Nxb5 Be6 22. Rb1 a6 0-1

[Event "IECG CP.2000.P.00081"]
[Site "IECG email"]
[Date "2000.10.01"]
[Round "?"]
[White "Mosi, Shomari"]
[Black "Rooms, Trevor J"]
[Result "0-1"]
[WhiteElo "1868"]
[BlackElo "2266"]
[PlyCount "28"]
[EventDate "2000.10.01"]
[EventType "tourn (corr)"]
[EventRounds "6"]
[EventCountry "ENG"]
[SourceTitle "Corr 2008"]
[Source "ChessBase"]
[SourceDate "2008.06.24"]
[SourceVersion "1"]
[SourceVersionDate "2008.06.24"]
[SourceQuality "1"]

1. e4 c5 2. Nf3 d6 3. d4 cxd4 4. Nxd4 Nf6 5. Nc3 a6 6. Be2 e5 7. Nb3 Be7 8. 0-0 Be6 9. f4 Nc6 10. Kh1 0-0 11. f5 Bd7 12. a3 Na5 13. Nxa5 Qxa5 14. Bf3 Rfc8 0-1

[Event "IECG L1.2000.0.00016 email"]
[Site "IECG email"]
[Date "2000.08.14"]
[Round "?"]
[White "Baer, Werner"]
[Black "Mosi, Shomari"]
[Result "1-0"]
[WhiteElo "2136"]
[BlackElo "1898"]
[PlyCount "63"]
[EventDate "2000.08.14"]
[EventType "tourn (corr)"]
[EventRounds "14"]
[SourceTitle "Corr 2008"]
[Source "ChessBase"]
[SourceDate "2008.06.24"]
[SourceVersion "1"]
[SourceVersionDate "2008.06.24"]
[SourceQuality "1"]

1. e4 c6 2. d4 d5 3. e5 Na6 4. c3 Nc7 5. Nf3 g6 6. Be2 h5 7. Nbd2 Nh6 8. Nb3 b6 9. 0-0 Nf5 10. Ng5 Ne6 11. Nxe6 Bxe6 12. Ba6 Qd7 13. a4 Bg7 14. a5 0-0 15. f3 h4 16. Bd3 Qc7 17. Bg5 c5 18. Bxf5 Bxf5 19. Bxh4 c4 20. axb6 axb6 21. Nd2 Bd3 22. Re1 Bh6 23. Nf1 Qd7 24. Ne3 Bf4 25. Bg3 Bxg3 26. hxg3 Qe6 27. Qd2 Rfc8 28. Ng4 Bf5 29. Nf2 Qc6 30. g4 Bd7 31. Qg5 Qe6 32. Nh3 1-0

[Event "IECG L1.2000.0.00016 email"]
[Site "IECG email"]
[Date "2000.08.14"]
[Round "?"]
[White "Hardy, David G"]
[Black "Mosi, Shomari"]
[Result "1-0"]
[WhiteElo "2159"]
[BlackElo "1898"]
[PlyCount "39"]
[EventDate "2000.08.14"]
[EventType "tourn (corr)"]
[EventRounds "14"]
[SourceTitle "Corr 2008"]
[Source "ChessBase"]
[SourceDate "2008.06.24"]
[SourceVersion "1"]
[SourceVersionDate "2008.06.24"]
[SourceQuality "1"]

1. e4 c5 2. Nf3 d6 3. d4 cxd4 4. Nxd4 Nf6 5. Nc3 a6 6. Bc4 e6 7. 0-0 Nbd7 8. Bxe6 fxe6 9. Nxe6 Qb6 10. Nd5 Nxd5 11. exd5 Nc5 12. Nxf8 Kxf8 13. Qf3+ Kg8 14. Re1 Bd7 15. Re7 Rf8 16. Qg3 Rf7 17. Rxf7 Kxf7 18. Qf4+ Ke8 19. Be3 Qc7 20. Qg5 1-0

[Event "IECG L1.2000.0.00016 email"]
[Site "IECG email"]
[Date "2000.08.14"]
[Round "?"]
[White "Marez, Sebastien"]
[Black "Mosi, Shomari"]
[Result "1-0"]
[WhiteElo "2052"]
[BlackElo "1898"]
[PlyCount "61"]
[EventDate "2000.08.14"]
[EventType "tourn (corr)"]
[EventRounds "14"]
[SourceTitle "Corr 2008"]
[Source "ChessBase"]
[SourceDate "2008.06.24"]
[SourceVersion "1"]
[SourceVersionDate "2008.06.24"]
[SourceQuality "1"]

1. e4 c6 2. d4 d5 3. e5 Na6 4. c3 Nc7 5. Bd3 g6 6. Nd2 h5 7. Nf1 Nh6 8. Ne3 Ng4 9. Nf3 Nxe3 10. Bxe3 Bf5 11. Be2 e6 12. Bg5 Be7 13. Bxe7 Qxe7 14. Qa4 0-0 15. 0-0 Ne8 16. Rad1 h4 17. h3 Ng7 18. Qb4 Qxb4 19. cxb4 Nh5 20. Nxh4 Nf4 21. Rfe1 Be4 22. f3 Bc2 23. Rd2 Ba4 24. g3 Nxh3+ 25. Kg2 Ng5 26. Bd3 Bb5 27. Bc2 Kg7 28. a4 Bc4 29. Kf2 f5 30. b5 cxb5 31. b3 1-0

[Event "IECG L1.2000.0.00016 email"]
[Site "IECG email"]
[Date "2000.08.14"]
[Round "?"]
[White "Mosi, Shomari"]
[Black "Gallet, Gilles"]
[Result "0-1"]
[WhiteElo "1898"]
[BlackElo "1837"]
[PlyCount "60"]
[EventDate "2000.08.14"]
[EventType "tourn (corr)"]
[EventRounds "14"]
[SourceTitle "Corr 2008"]
[Source "ChessBase"]
[SourceDate "2008.06.24"]
[SourceVersion "1"]
[SourceVersionDate "2008.06.24"]
[SourceQuality "1"]

1. e4 c5 2. Nc3 Nc6 3. g3 g6 4. Bg2 Bg7 5. d3 Nf6 6. f4 d6 7. Nf3 0-0 8. 0-0 Rb8 9. Nh4 Bd7 10. f5 b5 11. Bg5 b4 12. Nd5 a5 13. Kh1 Ne5 14. Qd2 Bc6 15. Rae1 a4 16. Qe2 Qd7 17. Bc1 b3 18. axb3 axb3 19. c3 Rb7 20. Bg5 Ra7 21. Qd1 Bxd5 22. exd5 Rb8 23. Nf3 Nxf3 24. Rxf3 Ra2 25. fxg6 hxg6 26. Qe2 Nh7 27. Qxe7 Qxe7 28. Bxe7 Rxb2 29. Bxd6 Bxc3 30. Bxb8 Bxe1 0-1

[Event "IECG L1.2000.0.00016 email"]
[Site "IECG email"]
[Date "2000.08.??"]
[Round "?"]
[White "Syed Muhammad, Nayeem"]
[Black "Mosi, Shomari"]
[Result "0-1"]
[WhiteElo "1800"]
[BlackElo "1898"]
[PlyCount "38"]
[EventDate "2000.08.14"]
[EventType "tourn (corr)"]
[EventRounds "14"]
[SourceTitle "Corr 2008"]
[Source "ChessBase"]
[SourceDate "2008.06.24"]
[SourceVersion "1"]
[SourceVersionDate "2008.06.24"]
[SourceQuality "1"]

1. d4 Nf6 2. c4 e6 3. Nc3 Bb4 4. a3 Bxc3+ 5. bxc3 c5 6. e3 Nc6 7. Bd3 0-0 8. Ne2 b6 9. 0-0 Ba6 10. Nf4 Na5 11. Qe2 Rc8 12. d5 e5 13. Nh5 e4 14. Nxf6+ Qxf6 15. Bxe4 Bxc4 16. Qd1 Bxf1 17. Qxf1 Rfe8 18. Qd3 Rxe4 19. Qxe4 Qxc3 0-1

[Event "IECG C1.2000.0.00269"]
[Site "IECG email"]
[Date "2000.03.20"]
[Round "?"]
[White "Perez, Maria Jose"]
[Black "Mosi, Shomari"]
[Result "1-0"]
[WhiteElo "1599"]
[BlackElo "1931"]
[PlyCount "55"]
[EventDate "2000.03.20"]
[EventType "tourn (corr)"]
[EventRounds "6"]
[SourceTitle "Corr 2008"]
[Source "ChessBase"]
[SourceDate "2008.06.24"]
[SourceVersion "1"]
[SourceVersionDate "2008.06.24"]
[SourceQuality "1"]

1. d4 Nf6 2. c4 e6 3. Nf3 b6 4. g3 Ba6 5. b3 Bb4+ 6. Bd2 Be7 7. Bg2 c6 8. Bc3 d5 9. Ne5 Nfd7 10. Nxd7 Nxd7 11. Nd2 0-0 12. 0-0 Nf6 13. e4 b5 14. Re1 dxe4 15. Qc2 Rc8 16. Rad1 Nd5 17. Bxe4 Nxc3 18. Qxc3 Bf6 19. Qc2 g6 20. Nf3 Bg7 21. Ne5 Bxe5 22. dxe5 Qb6 23. c5 Qa5 24. Re2 b4 25. Red2 Bb5 26. Rd7 Rc7 27. a4 Ba6 28. R7d6 1-0

[Event "IECG CP.1999.P.00080"]
[Site "IECG email"]
[Date "1999.10.01"]
[Round "?"]
[White "Mosi, Shomari"]
[Black "Dutra Neto, Alfredo Carlos S"]
[Result "1/2-1/2"]
[WhiteElo "1800"]
[BlackElo "2100"]
[PlyCount "55"]
[EventDate "1999.10.01"]
[EventType "tourn (corr)"]
[EventRounds "6"]
[EventCountry "ITA"]
[SourceTitle "Corr 2008"]
[Source "ChessBase"]
[SourceDate "2008.06.24"]
[SourceVersion "1"]
[SourceVersionDate "2008.06.24"]
[SourceQuality "1"]

1. e4 d6 2. d4 Nf6 3. Nc3 g6 4. f4 Bg7 5. Nf3 c5 6. dxc5 Qa5 7. Bd3 Qxc5 8. Qe2 Nc6 9. Be3 Qa5 10. 0-0 0-0 11. h3 e5 12. fxe5 dxe5 13. Bc4 h6 14. a3 Re8 15. b4 Qc7 16. Nb5 Qb8 17. Rad1 Be6 18. Bxe6 Rxe6 19. Nc3 Qe8 20. Nd5 Nxe4 21. Nc7 Qc8 22. Nxe6 Qxe6 23. Qe1 f5 24. Rd3 Nd6 25. Bc5 Ne4 26. Be3 Nd6 27. Bc5 Ne4 28. Be3 1/2-1/2